000 00708nam a2200217Ia 4500
003 OSt
005 20220923221909.0
006 a|||||r|||| 00| 0
007 ta
008 220922b |||||||| |||| 00| 0 hin d
024 _a200,913
037 _cTextual
040 _aARTS
_cARTS
_bhin
041 _2hin
_ahin
082 _aO168:1:9, 152J7
100 _aशुक्ल, गिरिजादत्त, गिरीश
245 0 _aउर्दू के कवि और उनका काव्य
246 _aUrdū ke kavi aur unakā kāvya
942 _hO168:1:9, 152J7
_cTEXL
_2CC
999 _c352576
_d352576